000
003260000a22001450004500
020
_a
84-322-0482-X
041
0
_a
SPA
082
0
4
_a
G 864 P3481t
100
1
_a
Paz, Octavio (1914-)
245
1
0
_a
Tiempo nublado / Octavio Paz
260
_a
Barcelona, EspaƱa : Seix Barral
300
_a
206 Pag
001
11161
942
_c
BK
999
_c
40527
_d
40527